000 01577nam a2200385 c 4500
999 _c179371
_d179371
003 BLK
005 20250614133036.0
008 180411b bul|||||r ||||||| ||bul||
010 _aKNG00188150000
020 _a978-619-150-812-9
040 _aBLK
041 _aBUL
_cBUL
072 7 _2bullib
_aН85
_xДетска художествена литература Н
080 _aФренска литература
_b821.133.1
_x-93-31
_z821.133.1-93-31
100 1 _aГосини, Рьоне
_eпърви автор
_955312
139 _aГосини, Рьоне и др.
_bГ 70
245 1 0 _aМалкият Никола
_bБалонът и други неиздавани истории
_cРьоне Госини; съавт. Жан-Жак Семпе; прев. Венелин Йовков Пройков.
257 _aFRA
260 _bКолибри
_c2016
_fСофия : Симолини
300 _a168 с.
_bс ил.
_c20 см
380 _aDX
500 _aОриг. загл. Le petit Nicolas - le ballfn et autres histoires inedites / Goscinny Sempe
653 _aлитература за деца
653 _aдетска литература
659 _aН
700 1 _aСемпе, Жан-Жак
_eсъавт.
_9119652
700 1 _aПройков, Венелин Йовков
_eпрев.
_9379987
852 _aЦб 280789
_bД
856 4 _qpdf
856 4 _qpdf
942 _cKNG
_n0
_019
944 _aCR
_c01.06.2016
_k30552
_lВиолета Тройчева
944 _aED
_c14.08.2017
_kПенка_Димитрова
999 _d179371